Red vs Blue Characters - Statistics

General Stats
  • This quiz has been taken 23 times
  • The average score is 28 of 35
Answer Stats
Answer % Correct
Agent Texas
100%
Agent Washington
100%
Dexter Grif
100%
Director Leonard Church
100%
Kaikaina Grif
100%
Lavernius Tucker
100%
Leonard Church
100%
Michael Caboose
100%
Sarge
100%
Agent Carolina
92%
Agent North Dakota
92%
Agent South Dakota
92%
Alpha
92%
Beta
92%
Dick Simmons
92%
Epsilon
92%
Agent Maine
85%
Agent New York
85%
Agent Wyoming
85%
Franklin Delano Donut
85%
Delta
77%
Gamma
77%
Lopez La Pesado
77%
Agent Florida
69%
Omega
69%
Sheila
69%
Sigma
69%
Theta
62%
Agent Georgia
54%
Eta
54%
Iota
54%
Agent Connecticut
46%
Agent Utah
46%
Vic
38%
The Counselor
23%
No matching quizzes found
Score Distribution
Percent of People with Each Score
Percentile by Number Answered
Your Score History
You have not taken this quiz